The Oxyrhynchus papyri /

محفوظ في:

المؤلف الرئيسي: Grenfell, Bernard P. 1869-1926 (مؤلف)

مؤلفون آخرون: Hunt, Arthur S. 1871-1934.

التنسيق: كتاب

اللغة: English

منشور في: London : Egypt Exploration Fund, 1898-

سلاسل: Graeco-Roman memoirs.

الموضوعات:

الوسوم: إضافة وسم

لا توجد وسوم, كن أول من يضع وسما على هذه التسجيلة!

رقم الطلب: PA3315 .O8 v.1-66, 68-83

LEADER 00904nam a22002537a 4500
003 OSt
005 20260201125712.0
008 010226m18989999enkp b 001 0 eng d
022 |a 0306-9222 
040 |c ARCE Library 
043 |a f-ua--- 
050 1 4 |a PA3315  |b .O8 v.1-66, 68-83 
100 1 |a Grenfell, Bernard P.  |q (Bernard Pyne),  |d 1869-1926,  |e author  |9 31094 
245 1 4 |a The Oxyrhynchus papyri /   |c edited with translations and notes by Bernard P. Grenfell and Arthur S. Hunt. 
264 1 |a London :   |b Egypt Exploration Fund,   |c 1898- 
300 |a volumes :   |b ill. ;   |c 27 cm. 
490 0 |a Graeco-Roman memoirs. 
504 |a Includes bibliographical references and indexes. 
650 0 |a Bahnasā (Egypt)  |x Antiquities. 
650 0 |a Manuscripts, Greek (Papyri)  |z Egypt  |z Bahnasā. 
700 1 |a Hunt, Arthur S.  |q (Arthur Surridge),  |d 1871-1934. 
901 |a reviewed 
942 |c BK  |2 lcc 
999 |c 22296  |d 22296